From 3D to nD modelling (Record no. 70385)
[ view plain ]
| 000 -LEADER | |
|---|---|
| fixed length control field | 01156cam a2200241 4500 |
| 001 - CONTROL NUMBER | |
| control field | WB3820-04 |
| 008 - FIXED-LENGTH DATA ELEMENTS--GENERAL INFORMATION | |
| fixed length control field | 020528n2002 000 0 eng u |
| 035 ## - SYSTEM CONTROL NUMBER | |
| System control number | (Sirsi) u118197 |
| 245 ## - TITLE STATEMENT | |
| Title | From 3D to nD modelling |
| 260 ## - PUBLICATION, DISTRIBUTION, ETC. | |
| Date of publication, distribution, etc. | 2002 |
| 490 ## - SERIES STATEMENT | |
| Series statement | RICS Geomatics Faculty News |
| Volume/sequential designation | 23 May 2002 (1) |
| 520 ## - SUMMARY, ETC. | |
| Summary, etc. | Under a four year Platform Grant, Salford University will explore the concept of 3D computer modelling of the built environment, to cope with whole-life construction issues in the design of model buildings. The project will combine computer modelling, visualisation and simulation techniques with virtual reality, enabling the results of design ideas to be 'visualised' in advance so that true 'what-if' analysis can be performed. For more information vist http://ndmodelling.scpm.salford.ac.uk/(nDmodelling site) |
| 590 ## - LOCAL NOTE (RLIN) | |
| Local note | WB |
| 650 ## - SUBJECT ADDED ENTRY--TOPICAL TERM | |
| Topical term or geographic name entry element | 3D MODELLING |
| 650 ## - SUBJECT ADDED ENTRY--TOPICAL TERM | |
| Topical term or geographic name entry element | SALFORD UNIVERSITY |
| 650 ## - SUBJECT ADDED ENTRY--TOPICAL TERM | |
| Topical term or geographic name entry element | BUILT ENVIRONMENT-CONSTRUCTION DESIGN |
| 650 ## - SUBJECT ADDED ENTRY--TOPICAL TERM | |
| Topical term or geographic name entry element | COMPUTER MODELLING |
| 650 ## - SUBJECT ADDED ENTRY--TOPICAL TERM | |
| Topical term or geographic name entry element | VISUALISATION |
| 650 ## - SUBJECT ADDED ENTRY--TOPICAL TERM | |
| Topical term or geographic name entry element | BUILT ENVIRONMENT |
| 650 ## - SUBJECT ADDED ENTRY--TOPICAL TERM | |
| Topical term or geographic name entry element | VIRTUAL REALITY |
| 690 ## - LOCAL SUBJECT ADDED ENTRY--TOPICAL TERM (OCLC, RLIN) | |
| Topical term or geographic name as entry element | BUILT ENVIRONMENT-CONSTRUCTION DESIGN |
| 942 ## - ADDED ENTRY ELEMENTS (KOHA) | |
| Suppress in OPAC | 0 |
| Withdrawn status | Lost status | Source of classification or shelving scheme | Damaged status | Not for loan | Home library | Current library | Shelving location | Date acquired | Total Checkouts | Full call number | Barcode | Date last seen | Copy number | Price effective from | Koha item type |
|---|---|---|---|---|---|---|---|---|---|---|---|---|---|---|---|
| Dewey Decimal Classification | London | London | News article | 28/05/2002 | WB3820-04 | 118197-1001 | 06/08/2019 | 1 | 06/08/2019 | News article |